Meghalt Pócza Ella

Elmentve itt :
Bibliográfiai részletek
Szerző: Nikolényi István
Dokumentumtípus: Cikk
Megjelent: 1985-08-24
Sorozat:Délmagyarország 75 No. 198
Kulcsszavak:Pócza Ella, Vaszy Viktor
Online Access:http://dmarchiv.bibl.u-szeged.hu/98944
LEADER 00458nab a2200157 i 4500
001 delm98944
005 20190909093920.0
008 190909s1985 hu o 0|| hun d
040 |a SZTE Délmagyarország Archívum  |b hun 
041 |a hun 
100 1 |a Nikolényi István 
245 1 0 |a Meghalt Pócza Ella  |h [elektronikus dokumentum] /  |c  Nikolényi István 
260 |c 1985-08-24 
300 |a 4 
490 0 |a Délmagyarország  |v 75 No. 198 
695 |a Pócza Ella, Vaszy Viktor